[Event "WA Open Booster"]
[Site "Redmond, WA"]
[Date "2010.05.29"]
[Round "2"]
[White "Vivas, Miguel"]
[Black "Brow, John"]
[Result "0-1"]
[WhiteElo "1019"]
[BlackElo "1395"]
[PlyCount "54"]
[EventDate "2010.05.31"]
[EventCountry "USA"]
[SourceDate "2010.05.29"]

1. d4 d5 2. c4 c6 3. cxd5 cxd5 4. Nc3 Nc6 5. e3 Nf6 6. Nf3 Bg4 7. h3 Bxf3 8.
Qxf3 e6 9. Bd3 Be7 10. O-O O-O 11. a3 e5 12. dxe5 Nxe5 13. Qf5 Nxd3 14. Qxd3
Qd7 15. Rd1 Rfd8 16. b4 Rac8 17. Bb2 Qe6 18. Rac1 Rc4 19. Nb5 Rxc1 20. Rxc1 a6
21. Nd4 Qe4 22. Qc3 Bd6 23. b5 Qe5 24. Kf1 h6 25. bxa6 Ne4 26. Qa5 Qf6 27. axb7
Qxf2# 0-1

[Event "WA Open Booster"]
[Site "Redmond, WA"]
[Date "2010.05.30"]
[Round "3"]
[White "Dhingra, Sangeeta"]
[Black "Richards, Jerrold"]
[Result "0-1"]
[WhiteElo "1000"]
[BlackElo "1183"]
[PlyCount "130"]
[EventDate "2010.05.31"]
[EventCountry "USA"]
[SourceDate "2010.05.29"]

1. e4 e6 2. d4 d5 3. e5 c5 4. c3 Qb6 5. Nf3 Bd7 6. Bd3 Nc6 7. Bc2 cxd4 8. cxd4
Bb4+ 9. Nc3 a6 10. O-O h5 11. Ne2 Nh6 12. Ng3 g6 13. Be3 O-O-O 14. Bg5 Be7 15.
Bxe7 Nxe7 16. Qd3 Bb5 17. Qb3 Qa7 18. Bd3 Bxd3 19. Qxd3 Kb8 20. a4 Nc6 21. Qd2
Nf5 22. Nxf5 gxf5 23. b4 Ka8 24. b5 Nb8 25. Rab1 a5 26. b6 Qa6 27. Rb5 Nc6 28.
Rc1 Kb8 29. Ng5 Rhf8 30. Nh7 Rh8 31. Nf6 h4 32. Qc3 h3 33. g3 f4 34. Ng4 fxg3
35. fxg3 Rhg8 36. Nh6 Rg7 37. Rf1 Rf8 38. Qc5 Rc8 39. Qd6+ Ka8 40. Rxf7 Rxf7
41. Nxf7 Nxd4 42. Rc5 Nc6 43. Qxe6 Rf8 44. Qxd5 Qxb6 45. e6 Rc8 46. Kf1 Qb1+
47. Ke2 Qb2+ 48. Qd2 Nd4+ 49. Ke3 Qxd2+ 50. Kxd2 Rxc5 51. e7 Rc8 52. Nd6 Rg8
53. e8=Q+ Rxe8 54. Nxe8 Nf3+ 55. Ke2 Nxh2 56. Kf2 Ng4+ 57. Kg1 Ka7 58. Nd6 b6
59. Ne4 b5 60. axb5 a4 61. Nd2 a3 62. Nb3 a2 63. Kf1 Kb6 64. Kg1 Kxb5 65. Nd4+
Kc4 0-1

[Event "WA Open Booster"]
[Site "Redmond, WA"]
[Date "2010.05.30"]
[Round "3"]
[White "Hu, Kaicheng"]
[Black "Johnson, Christopher"]
[Result "1-0"]
[WhiteElo "1233"]
[BlackElo "1015"]
[PlyCount "84"]
[EventDate "2010.05.31"]
[EventCountry "USA"]
[SourceDate "2010.05.29"]

1. d4 d5 2. c4 e6 3. Nc3 Nf6 4. Bg5 Be7 5. Nf3 Nc6 6. e3 h6 7. Bxf6 Bxf6 8.
cxd5 exd5 9. Be2 O-O 10. O-O b6 11. Rc1 Bb7 12. Re1 Re8 13. Bb5 a6 14. Ba4 Re6
15. Ne2 b5 16. Bb3 Re8 17. Nf4 Na5 18. Nd2 Nxb3 19. Nxb3 Be7 20. Nc5 Bc6 21.
Qc2 Bd6 22. Ncd3 Bb7 23. Qb3 c6 24. Qd1 Ra7 25. Qf3 Ba8 26. Qg4 Rae7 27. Nh5 f6
28. Nxf6+ Kh8 29. Nxe8 Qxe8 30. Nc5 a5 31. b4 a4 32. Re2 Bb7 33. Nxb7 Rxb7 34.
e4 Re7 35. e5 Bc7 36. Rec2 Re6 37. f4 Rg6 38. Qf3 Bb6 39. Rd1 Qd7 40. Kh1 Qf5
41. Rf2 Re6 42. Qh3 Qf8 1-0

[Event "WA Open Booster"]
[Site "Redmond, WA"]
[Date "2010.05.30"]
[Round "3"]
[White "Kramlich, Dan"]
[Black "Davis, Frederick A"]
[Result "1-0"]
[WhiteElo "1308"]
[BlackElo "1348"]
[PlyCount "61"]
[EventDate "2010.05.31"]
[EventCountry "USA"]
[SourceDate "2010.05.29"]

1. e4 c5 2. Nf3 Nc6 3. d4 cxd4 4. Nxd4 g6 5. c4 Nf6 6. Nc3 d6 7. Be2 Nxd4 8.
Qxd4 Bg7 9. O-O O-O 10. Qd3 Be6 11. Bg5 Nd7 12. Qd2 Nc5 13. f3 f6 14. Bh6 a6
15. Bxg7 Kxg7 16. b4 Nd7 17. Kh1 Rb8 18. f4 Qc8 19. Nd5 Re8 20. Rac1 Qd8 21. f5
Bf7 22. fxg6 hxg6 23. Rf3 Nb6 24. Rh3 Rh8 25. Rxh8 Kxh8 26. Qh6+ Kg8 27. Rc3
Bxd5 28. Qxg6+ Kf8 29. Rh3 e6 30. Rh8+ Ke7 31. Qg7# 1-0

[Event "WA Open Booster"]
[Site "Redmond, WA"]
[Date "2010.05.30"]
[Round "3"]
[White "Mendoza, Fidel"]
[Black "Reardon, Joshua"]
[Result "1-0"]
[WhiteElo "1368"]
[BlackElo "1035"]
[PlyCount "65"]
[EventDate "2010.05.31"]
[EventCountry "USA"]
[SourceDate "2010.05.29"]

1. e4 e5 2. f4 d6 3. Nf3 Nc6 4. Bc4 Bg4 5. Nc3 Be7 6. O-O Qd7 7. Qe1 Nd4 8.
Nxd4 exd4 9. Ne2 Bxe2 10. Qxe2 O-O-O 11. Bxf7 Rf8 12. Qc4 Bf6 13. Be6 Qxe6 14.
Qxe6+ Kb8 15. e5 Be7 16. d3 Re8 17. Qf7 Rd8 18. Qxg7 dxe5 19. fxe5 Nh6 20. Bxh6
Bh4 21. Rf4 Rdg8 22. Raf1 Rxg7 23. Rf8+ Bd8 24. Bxg7 Rxf8 25. Rxf8 Kc8 26. Bf6
Kd7 27. Rxd8+ Kc6 28. e6 Kc5 29. Bxd4+ Kc6 30. e7 Kb5 31. e8=B+ Ka5 32. Rd5+
Kb4 33. a3# 1-0

[Event "WA Open Booster"]
[Site "Redmond, WA"]
[Date "2010.05.30"]
[Round "3"]
[White "Yeo, Joey"]
[Black "Soetedjo, James"]
[Result "0-1"]
[WhiteElo "1143"]
[BlackElo "1072"]
[PlyCount "43"]
[EventDate "2010.05.31"]
[EventCountry "USA"]
[SourceDate "2010.05.29"]

1. e4 e5 2. Nf3 Nc6 3. Bc4 Be7 4. d4 exd4 5. Nxd4 Nf6 6. Nc3 O-O 7. O-O Bc5 8.
Be3 Bxd4 9. Bxd4 d6 10. f4 Be6 11. Bb3 Bxb3 12. axb3 Qe7 13. Bxf6 Qxf6 14. Nd5
Qd8 15. c4 Re8 16. Qd3 Ne7 17. e5 Nxd5 18. Qxd5 dxe5 19. Qxb7 Qd4+ 20. Kh1 Qb6
21. Qd5 exf4 22. Rxf4 {remaining moves unclear} 0-1

[Event "WA Open Booster"]
[Site "Redmond, WA"]
[Date "2010.05.30"]
[Round "4"]
[White "Brow, John"]
[Black "Mendoza, Fidel"]
[Result "1/2-1/2"]
[WhiteElo "1395"]
[BlackElo "1368"]
[PlyCount "145"]
[EventDate "2010.05.31"]
[EventCountry "USA"]
[SourceDate "2010.05.29"]

1. d4 d5 2. c4 c6 3. Nf3 Bf5 4. Nc3 e6 5. Bf4 Bd6 6. Bxd6 Qxd6 7. e3 Nf6 8. Be2
h6 9. cxd5 exd5 10. O-O O-O 11. Qb3 Nbd7 12. Rac1 a5 13. a4 Qb4 14. Qa2 Ne4 15.
Nxe4 Bxe4 16. Ne1 Rfe8 17. Nd3 Qd6 18. Nf4 g5 19. Nd3 b6 20. Qb3 c5 21. dxc5
bxc5 22. Qd1 c4 23. Ne1 Qb4 24. Bxc4 Qxb2 25. Bb5 Red8 26. Nd3 Qa3 27. Rc7 Nf6
28. Nc5 Bg6 29. Qd4 Ne8 30. Bxe8 Rxe8 31. Qxd5 Rad8 32. Rd7 Rc8 33. Nd3 Rc3 34.
Ne5 Rc1 35. Nxg6 Rxf1+ 36. Kxf1 Qc1+ 37. Qd1 Qc4+ 38. Qd3 Qc1+ 39. Ke2 Qb2+ 40.
Qd2 Qxd2+ 41. Kxd2 fxg6 42. f3 Re5 43. Kd3 Rc5 44. e4 h5 45. Rd5 Rc1 46. Rxg5
Kg7 47. Rxa5 Rg1 48. Rg5 Ra1 49. a5 Kf6 50. h4 Ra3+ 51. Kc4 Ra1 52. f4 Ra4+ 53.
Kd3 Ra3+ 54. Kc2 Kf7 55. e5 Kg7 56. e6 Kf6 57. Re5 Ke7 58. Kb2 Rg3 59. Rg5 Re3
60. Rxg6 Re4 61. a6 Rxf4 62. g3 Ra4 63. a7 Kd6 64. e7+ Kxe7 65. Rg7+ Kf6 66.
Rb7 Kf5 67. Kb3 Ra6 68. Kb4 Kg4 69. Kb5 Ra1 70. Kc6 Kxg3 71. Kc7 Kxh4 72. Kb8
Kg3 73. Rg7+ 1/2-1/2

[Event "WA Open Booster"]
[Site "Redmond, WA"]
[Date "2010.05.30"]
[Round "4"]
[White "Davis, Frederick A"]
[Black "Nagase, Toshihiro"]
[Result "0-1"]
[WhiteElo "1348"]
[BlackElo "1182"]
[PlyCount "126"]
[EventDate "2010.05.31"]
[EventCountry "USA"]
[SourceDate "2010.05.29"]

1. e4 c5 2. Nf3 d6 3. d4 cxd4 4. Nxd4 Nf6 5. Nc3 g6 6. Be3 Bg7 7. f3 O-O 8. Bc4
Nc6 9. Qd2 Bd7 10. O-O-O Rc8 11. Kb1 Nxd4 12. Bxf7+ Rxf7 13. Bxd4 b6 14. Be3
Qc7 15. Bh6 Nh5 16. Bxg7 Kxg7 17. g4 Nf4 18. h4 h6 19. Rhe1 Bc6 20. Rg1 e5 21.
h5 Rd8 22. Qh2 g5 23. Qd2 Rf6 24. Rgf1 Qf7 25. Qe3 Qe6 26. Ne2 Nxe2 27. Qxe2
Rf4 28. Rf2 Qd7 29. Qf1 Bb5 30. Qg2 a5 31. Rfd2 Qc6 32. Qh1 Kf6 33. Qg2 Qc5 34.
Re1 Ke7 35. Qg3 a4 36. a3 Bc4 37. Qg2 b5 38. Qf2 Qxf2 39. Rxf2 Rdf8 40. Re3 Ke6
41. b3 axb3 42. cxb3 Be2 43. Rfxe2 Rxf3 44. Kb2 Rxe3 45. Rxe3 Rf4 46. Kc3 Rxg4
47. Kb4 d5 48. Kxb5 Rxe4 49. Rc3 d4 50. Rc6+ Kd7 51. Rxh6 d3 52. Rh7+ Ke8 53.
Rh8+ Kf7 54. h6 Rd4 55. h7 Kg7 56. Re8 Kxh7 57. Rxe5 d2 58. Rxg5 d1=Q 59. Rg3
Qh5+ 60. Kb6 Rd6+ 61. Kb7 Qb5+ 62. Kc7 Qb6+ 63. Kc8 Rd8# 0-1

[Event "WA Open Booster"]
[Site "Redmond, WA"]
[Date "2010.05.30"]
[Round "4"]
[White "Johnson, Christopher"]
[Black "Chang, Emanuel"]
[Result "1-0"]
[WhiteElo "1015"]
[BlackElo "1234"]
[PlyCount "43"]
[EventDate "2010.05.31"]
[EventCountry "USA"]
[SourceDate "2010.05.29"]

1. e4 c5 2. Nf3 e6 3. Nc3 Nc6 4. Bc4 Qc7 5. O-O a6 6. a4 Nf6 7. d4 cxd4 8. Nxd4
Bb4 9. Nxc6 Qxc6 10. e5 Bxc3 11. bxc3 Qxc4 12. exf6 Qxc3 13. Rb1 Qxf6 14. Ba3
d5 15. Re1 Qf4 16. Qxd5 Qxa4 17. Qc5 Qh4 18. Red1 Bd7 19. Rxb7 Rc8 20. Qd6 Rd8
21. Rxd7 f6 22. Qe7# 1-0

[Event "WA Open Booster"]
[Site "Redmond, WA"]
[Date "2010.05.30"]
[Round "4"]
[White "Sarathy, Manoj"]
[Black "Gordon, Daniel"]
[Result "1-0"]
[WhiteElo "900"]
[BlackElo "1067"]
[PlyCount "120"]
[EventDate "2010.05.31"]
[EventCountry "USA"]
[SourceDate "2010.05.29"]

1. e4 c5 2. d4 cxd4 3. c3 dxc3 4. Bc4 e6 5. Nxc3 Bb4 6. Nge2 Nf6 7. Bg5 h6 8.
Bh4 Be7 9. Nd4 Nc6 10. O-O Qb6 11. Nxc6 bxc6 12. Qe2 Qd8 13. e5 Nd5 14. Nxd5
cxd5 15. Bxe7 Qxe7 16. Bb3 d6 17. Qc2 Ba6 18. Qc6+ Qd7 19. Qxa8+ Qd8 20. Qxd8+
Kxd8 21. Rfe1 dxe5 22. Rxe5 Re8 23. Ba4 Re7 24. Rc1 f6 25. Ree1 e5 26. Rcd1 d4
27. f3 Re6 28. Bc2 Rd6 29. Bd3 Ke7 30. Bxa6 Rxa6 31. a3 Kd6 32. Re3 Kd5 33. Rb3
Ra5 34. Kf2 f5 35. g3 e4 36. Rb4 d3 37. Ke3 Kd6 38. fxe4 fxe4 39. Kxe4 Re5+ 40.
Kxd3 Rd5+ 41. Ke2 Rxd1 42. Kxd1 Ke5 43. Rb7 g5 44. Rxa7 Kf5 45. Ra5+ Kg4 46. b4
Kh3 47. b5 Kxh2 48. b6 Kxg3 49. b7 Kf4 50. b8=Q+ Kf3 51. Qb3+ Kg4 52. Ra4+ Kf5
53. Qb5+ Kg6 54. Ra6+ Kh5 55. Qc6 Kg4 56. Qxh6 Kf5 57. Rf6+ Kg4 58. Rg6 Kf3 59.
Qxg5 Ke4 60. Re6+ Kd4 {Remaining moves not recorded} 1-0

[Event "WA Open Booster"]
[Site "Redmond, WA"]
[Date "2010.05.30"]
[Round "4"]
[White "Vivas, Miguel"]
[Black "Dhingra, Sangeeta"]
[Result "1-0"]
[WhiteElo "1019"]
[BlackElo "1000"]
[PlyCount "65"]
[EventDate "2010.05.31"]
[EventCountry "USA"]
[SourceDate "2010.05.29"]

1. d4 d5 2. c4 e6 3. cxd5 exd5 4. Nc3 Nf6 5. Nf3 Nc6 6. e3 Bb4 7. a3 Bd6 8. Bd3
Be6 9. O-O O-O 10. b4 Re8 11. Bb2 Bd7 12. Re1 h6 13. Qb3 Ne7 14. Rac1 c6 15. h3
Qc8 16. Ne5 Bxe5 17. dxe5 Nh7 18. Nb5 Rd8 19. Nd6 Qb8 20. Qc3 Be6 21. f4 f6 22.
Qc2 Rf8 23. Bxh7+ Kh8 24. exf6 gxf6 25. Nf5 Nxf5 26. Bxf5 Bxf5 27. Qxf5 Qd8 28.
Rcd1 Qe7 29. Bd4 b6 30. e4 Qf7 31. Rc1 Rac8 32. exd5 Qxd5 33. Bxf6+ 1-0

[Event "WA Open Booster"]
[Site "Redmond, WA"]
[Date "2010.05.30"]
[Round "5"]
[White "Bashkansky, Naomi"]
[Black "Dodd, Edwin"]
[Result "0-1"]
[WhiteElo "900"]
[BlackElo "1324"]
[PlyCount "56"]
[EventDate "2010.05.31"]
[EventCountry "USA"]
[SourceDate "2010.05.29"]

1. e4 e5 2. Nf3 Nc6 3. Bc4 Bc5 4. Nc3 Nf6 5. d3 O-O 6. Bg5 h6 7. Bh4 Be7 8. h3
d6 9. O-O Be6 10. Bb3 Qd7 11. Qd2 Bxh3 12. gxh3 Qxh3 13. Qe3 Ng4 14. Qe2 Nd4
15. Bg3 Nxe2+ 16. Nxe2 Kh8 17. d4 f5 18. Nh2 Nxh2 19. Bxh2 Qg4+ 20. Ng3 f4 21.
f3 Qh3 22. Nf5 Bh4 23. d5 Bg3 24. Bxg3 fxg3 25. Nxg3 Qxg3+ 26. Kh1 Rf4 27. Rf2
Rh4+ 28. Rh2 Qxh2# 0-1

[Event "WA Open Booster"]
[Site "Redmond, WA"]
[Date "2010.05.31"]
[Round "5"]
[White "Haining, Breck"]
[Black "Dhingra, Sangeeta"]
[Result "0-1"]
[WhiteElo "1033"]
[BlackElo "1000"]
[PlyCount "58"]
[EventDate "2010.05.31"]
[EventCountry "USA"]
[SourceDate "2010.05.29"]

1. e4 e5 2. Nf3 Nc6 3. Nc3 Nf6 4. b3 Bc5 5. h3 d5 6. Bb5 Qd6 7. exd5 Nxd5 8.
Nxd5 Qxd5 9. Qe2 O-O 10. Bc4 Qd6 11. O-O Nd4 12. Nxd4 Qxd4 13. Rb1 Qd6 14. Bb2
Re8 15. Rfe1 e4 16. d3 Bf5 17. Bxf7+ Kxf7 18. Qh5+ Bg6 19. Qh4 exd3 20. Qc4+
Kf8 21. Qc3 Re7 22. cxd3 Bb4 23. Ba3 Bxc3 24. Bxd6 Bxe1 25. Bxe7+ Kxe7 26.
Rxe1+ Kf8 27. d4 Rd8 28. Rd1 c5 29. d5 Kf7 {remaining moves unclear} 0-1

[Event "WA Open Booster"]
[Site "Redmond, WA"]
[Date "2010.05.31"]
[Round "5"]
[White "Nagase, Toshihiro"]
[Black "Brow, John"]
[Result "1/2-1/2"]
[WhiteElo "1182"]
[BlackElo "1395"]
[PlyCount "49"]
[EventDate "2010.05.31"]
[EventCountry "USA"]
[SourceDate "2010.05.29"]

1. d4 d5 2. c4 c6 3. Nc3 Nf6 4. Nf3 dxc4 5. e3 Bg4 6. Bxc4 e6 7. O-O Nbd7 8. h3
Bh5 9. a4 Bb4 10. Re1 O-O 11. Bd2 e5 12. Bb3 Bxc3 13. Bxc3 e4 14. g4 Bg6 15.
Bb4 Re8 16. Bc4 exf3 17. Qxf3 Ne4 18. Qg2 a5 19. Ba3 Qf6 20. f4 h6 21. f5 Bh7
22. Bd3 Nd6 23. Qg3 Ne4 24. Qg2 Nd6 25. Qf2 {unclear if game ended here} (25.
Qf2 c5 {! -+ [Rybka]}) 1/2-1/2

[Event "WA Open Booster"]
[Site "Redmond, WA"]
[Date "2010.05.31"]
[Round "5"]
[White "Puri, Kanish"]
[Black "Richards, Jerrold"]
[Result "1-0"]
[WhiteElo "955"]
[BlackElo "1183"]
[PlyCount "27"]
[EventDate "2010.05.31"]
[EventCountry "USA"]
[SourceDate "2010.05.29"]

1. d4 Nf6 2. e3 g6 3. Bd3 Bg7 4. Nd2 e6 5. f4 Nc6 6. c3 Ne7 7. Ngf3 d6 8. O-O
d5 9. Ne5 Nf5 10. Qe2 h5 11. Bb5+ c6 12. Nxc6 Qb6 13. Nxa7+ Ke7 14. a4 {
missing moves} 1-0

[Event "WA Open Booster"]
[Site "Redmond, WA"]
[Date "2010.05.31"]
[Round "5"]
[White "Soetedjo, James"]
[Black "Brusniak, Benjamin"]
[Result "1-0"]
[WhiteElo "1072"]
[BlackElo "1206"]
[PlyCount "81"]
[EventDate "2010.05.31"]
[EventCountry "USA"]
[SourceDate "2010.05.29"]

1. d4 d5 2. Nc3 Nf6 3. Nf3 Nc6 4. Bf4 a6 5. e3 Bf5 6. Bd3 Bxd3 7. cxd3 e6 8. a3
Bd6 9. Bg5 O-O 10. O-O Be7 11. Bxf6 Bxf6 12. Qb3 Qd7 13. Rad1 Be7 14. e4 Na5
15. Qc2 c5 16. dxc5 Bxc5 17. b4 d4 18. Ne2 Bb6 19. bxa5 Bxa5 20. Nfxd4 Rac8 21.
Qb3 Rc5 22. Rc1 Rg5 23. Nf3 Rb5 24. Qa4 h6 25. Rb1 Rc8 26. Qd4 Qe7 27. Rxb5
axb5 28. h3 Rd8 29. Qb2 Rxd3 30. Rc1 Qd6 31. e5 Qd7 32. Nf4 Rd1+ 33. Rxd1 Qxd1+
34. Kh2 Qd7 35. Qd4 Qxd4 36. Nxd4 b4 37. axb4 Bxb4 38. Kg3 Bc5 39. Nb3 Bb6 40.
Kf3 Kf8 41. Ke2 1-0

[Event "WA Open Booster"]
[Site "Redmond, WA"]
[Date "2010.05.31"]
[Round "5"]
[White "Zhang, Robert"]
[Black "Davis, Frederick A"]
[Result "1-0"]
[WhiteElo "1075"]
[BlackElo "1348"]
[PlyCount "159"]
[EventDate "2010.05.31"]
[EventCountry "USA"]
[SourceDate "2010.05.29"]

1. e4 c5 2. Nf3 Nc6 3. d4 cxd4 4. Nxd4 g6 5. Be3 Bg7 6. Nc3 Nf6 7. Bb5 O-O 8.
h3 a6 9. Bxc6 bxc6 10. Qd2 Rb8 11. O-O-O Bb7 12. Nb3 d6 13. Bh6 c5 14. Bxg7
Kxg7 15. Qd3 Qc8 16. Nd2 Bc6 17. f3 Qb7 18. Nc4 Bb5 19. b3 Bxc4 20. Qxc4 Qb4
21. Qxb4 Rxb4 22. Rhe1 Re8 23. e5 dxe5 24. Rxe5 c4 25. a3 Rb6 26. bxc4 Rc6 27.
Rd4 e6 28. c5 Rec8 29. Na4 R8c7 30. Nb6 Rxc5 31. Rxc5 Rxc5 32. Nd7 Nxd7 33.
Rxd7 Ra5 34. Kb2 Rb5+ 35. Ka2 Rc5 36. Kb3 Rb5+ 37. Kc4 Ra5 38. Rd3 h5 39. Kd4
Rg5 40. g4 hxg4 41. hxg4 f5 42. gxf5 Rxf5 43. c4 Kf7 44. c5 Ke7 45. Kc4 Rf4+
46. Kb3 Rf5 47. Kb4 Rf4+ 48. Kb3 Rf5 49. Kb4 Rf4+ 50. Ka5 Rc4 51. Kb6 Rc1 52.
c6 Ke8 53. c7 Ke7 54. Kb7 Rb1+ 55. Kxa6 Rc1 56. Kb7 Rb1+ 57. Kc8 Rb6 58. Rd7+
Kf6 59. Rd4 Ke7 60. Rb4 Rc6 61. Rb3 Rc5 62. Kb8 Kd7 63. Rd3+ Ke7 64. c8=Q Rxc8+
65. Kxc8 Kf6 66. a4 Kf5 67. Rd4 e5 68. Rc4 g5 69. a5 e4 70. fxe4+ Kf4 71. a6 g4
72. a7 g3 73. a8=Q g2 74. e5+ Kg3 75. Rc1 Kh3 76. Qa4 g1=Q 77. Rxg1 Kh2 78. Qd1
Kh3 79. Qg4+ Kh2 80. Qg2# 1-0

[Event "WA Open Booster"]
[Site "Redmond, WA"]
[Date "2010.05.31"]
[Round "6"]
[White "Chang, Emanuel"]
[Black "Bashkansky, Naomi"]
[Result "1-0"]
[WhiteElo "1234"]
[BlackElo "900"]
[PlyCount "59"]
[EventDate "2010.05.31"]
[EventCountry "USA"]
[SourceDate "2010.05.29"]

1. e4 e5 2. Nf3 Nc6 3. Bb5 Bc5 4. O-O d6 5. c3 Nf6 6. Re1 Be6 7. d4 exd4 8.
cxd4 Bb4 9. Nc3 a6 10. Ba4 b5 11. Bxb5 axb5 12. d5 Bxc3 13. bxc3 b4 14. cxb4
Nxb4 15. Qb3 c6 16. dxe6 fxe6 17. Qxb4 Rb8 18. Qc3 c5 19. Bg5 e5 20. Qc4 Qd7
21. Bxf6 gxf6 22. Rad1 Rb4 23. Qd5 Rb6 24. Rb1 Rxb1 25. Rxb1 Qa7 26. Qe6+ Kf8
27. Qxf6+ Kg8 28. Ng5 Qg7 29. Rb8+ Qf8 30. Qxf8# 1-0

[Event "WA Open Booster"]
[Site "Redmond, WA"]
[Date "2010.05.31"]
[Round "6"]
[White "Dhingra, Sangeeta"]
[Black "Davis, Frederick A"]
[Result "0-1"]
[WhiteElo "1000"]
[BlackElo "1348"]
[PlyCount "66"]
[EventDate "2010.05.31"]
[EventCountry "USA"]
[SourceDate "2010.05.29"]

1. e4 c5 2. Nf3 Nc6 3. d4 cxd4 4. Nxd4 g6 5. Nc3 Bg7 6. Be3 Nf6 7. f3 O-O 8.
Qd2 d5 9. Nxc6 bxc6 10. O-O-O Be6 11. g4 dxe4 12. g5 Nd5 13. Nxe4 Nxe3 14. Qxe3
Qa5 15. a3 Rab8 16. c3 Bb3 17. Rd7 Rfd8 18. Bh3 Rxd7 19. Bxd7 Bd5 20. Bh3 Qb5
21. Qd2 Qc4 22. Bg2 Qa2 23. Qc2 Bxe4 24. fxe4 Qe6 25. Qd2 Qa2 26. Qc2 Qe6 27.
Qd2 a5 28. Rd1 Qa2 29. Qc2 Qa1+ 30. Qb1 Qxb1+ 31. Kxb1 Bxc3 32. Rg1 Rxb2+ 33.
Kc1 Ra2 0-1

[Event "WA Open Booster"]
[Site "Redmond, WA"]
[Date "2010.05.31"]
[Round "6"]
[White "Haining, Breck"]
[Black "Smolak, Frederick"]
[Result "1-0"]
[WhiteElo "1033"]
[BlackElo "682"]
[PlyCount "109"]
[EventDate "2010.05.31"]
[EventCountry "USA"]
[SourceDate "2010.05.29"]

1. e4 e6 2. d4 d5 3. Bd3 c5 4. exd5 exd5 5. Be3 cxd4 6. Bxd4 Nc6 7. Bb5 Nf6 8.
Nf3 Bd7 9. Qe2+ Qe7 10. Qxe7+ Bxe7 11. Bc3 O-O 12. O-O Rad8 13. Nbd2 Bf5 14.
Nd4 Nxd4 15. Bxd4 a6 16. Ba4 b5 17. Bb3 a5 18. c3 a4 19. Bd1 Bd3 20. Re1 Rfe8
21. Be2 Bxe2 22. Rxe2 Bd6 23. Rae1 Rxe2 24. Rxe2 Re8 25. Rxe8+ Nxe8 26. Nf3 Nc7
27. h3 Ne6 28. Be3 Nf4 29. Nd4 Bb8 30. Nxb5 Nd3 31. b3 axb3 32. axb3 Be5 33.
Bd4 Bxd4 34. Nxd4 Nc5 35. Kf1 Kf8 36. Ke2 Ke7 37. b4 Na4 38. Kd3 Nb2+ 39. Kc2
Nc4 40. Nf5+ Kf6 41. Ne3 Nxe3+ 42. fxe3 Ke6 43. Kd3 f5 44. Kd4 Kd6 45. b5 h6
46. g3 g6 47. b6 Kc6 48. b7 Kxb7 49. Kxd5 Kb6 50. e4 fxe4 51. Kxe4 Kc5 52. Ke5
Kc4 53. Kf6 Kxc3 54. Kxg6 Kd4 55. Kxh6 1-0

[Event "WA Open Booster"]
[Site "Redmond, WA"]
[Date "2010.05.31"]
[Round "6"]
[White "Li, Albert"]
[Black "Soetedjo, James"]
[Result "0-1"]
[WhiteElo "1239"]
[BlackElo "1072"]
[PlyCount "77"]
[EventDate "2010.05.31"]
[EventCountry "USA"]
[SourceDate "2010.05.29"]

1. e4 e5 2. Nf3 Nc6 3. Bb5 d6 4. d4 exd4 5. Nxd4 Bd7 6. Nc3 Nf6 7. O-O Be7 8.
Bf4 O-O 9. Qd3 a6 10. Bc4 b5 11. Bb3 Nxd4 12. Qxd4 c5 13. Qd3 c4 14. Bxc4 bxc4
15. Qxc4 Be6 16. Qd3 Nh5 17. Bg3 Nxg3 18. Qxg3 Bf6 19. f4 Bxc3 20. bxc3 f5 21.
e5 dxe5 22. fxe5 Qb6+ 23. Kh1 Rab8 24. Qg5 h6 25. Qg6 Bc4 26. Qxb6 Rxb6 27.
Rfe1 Re8 28. Re3 Reb8 29. Rae1 Bxa2 30. h3 Re6 31. Rf3 g6 32. Rf4 Rb1 33. Rxb1
Bxb1 34. Rb4 Bxc2 35. Rb8+ Kf7 36. Rb7+ Re7 37. e6+ Kxe6 38. Rb6+ Kf7 39. Rxa6
0-1

[Event "WA Open Booster"]
[Site "Redmond, WA"]
[Date "2010.05.31"]
[Round "6"]
[White "Richards, Jerrold"]
[Black "Yu, Allistair"]
[Result "1-0"]
[WhiteElo "1183"]
[BlackElo "689"]
[PlyCount "69"]
[EventDate "2010.05.31"]
[EventCountry "USA"]
[SourceDate "2010.05.29"]

1. c4 e5 2. g3 Nf6 3. Nc3 d5 4. cxd5 Nxd5 5. Bg2 Be6 6. Nf3 Nc6 7. a3 Be7 8.
O-O O-O 9. d3 f5 10. Nxd5 Bxd5 11. e3 e4 12. dxe4 fxe4 13. Nd2 Ne5 14. Nxe4
Bxe4 15. Qxd8 Raxd8 16. Bxe4 c6 17. f4 Nd7 18. b4 Bf6 19. Ra2 Rfe8 20. Bf3 Nb6
21. Bb2 Bxb2 22. Rxb2 Nc4 23. Re2 Nxa3 24. Kf2 Nc4 25. b5 cxb5 26. Bxb7 Rd3 27.
e4 a5 28. Rb1 Nd6 29. e5 Nxb7 30. Rxb5 Re7 31. Reb2 Rdd7 32. Kf3 a4 33. e6 Rc7
34. f5 Nd6 35. Rd2 (35. Rd2 Nxb5 36. Rd8+ Re8 37. Rxe8#) 1-0

[Event "WA Open Booster"]
[Site "Redmond, WA"]
[Date "2010.05.31"]
[Round "6"]
[White "Zhao, Michael"]
[Black "Brow, John"]
[Result "0-1"]
[WhiteElo "1300"]
[BlackElo "1395"]
[PlyCount "68"]
[EventDate "2010.05.31"]
[EventCountry "USA"]
[SourceDate "2010.05.29"]

1. e4 c5 2. Nf3 d6 3. d4 cxd4 4. Nxd4 Nf6 5. Nc3 a6 6. Bg5 e6 7. f4 Be7 8. Be2
Nc6 9. a3 O-O 10. Qd3 Re8 11. O-O-O Nxd4 12. Qxd4 b5 13. Qe3 Qc7 14. g4 e5 15.
f5 Bb7 16. Bxf6 Bxf6 17. Nd5 Bxd5 18. Rxd5 Rac8 19. Bd3 h6 20. h4 Qe7 21. Qg3
Rc6 22. Kb1 Rec8 23. b4 Qc7 24. Rh2 Rc3 25. Kb2 a5 26. Rxb5 {Diagram #} Rxa3 {!
} 27. Kxa3 Qc3+ 28. Ka2 axb4 29. Ra5 b3+ 30. cxb3 Qxa5+ 31. Kb1 Qc3 32. Qe3
Qxb3+ 33. Rb2 Qd1+ 34. Qc1 Rxc1+ 0-1